Free access to environmental information and statistical confidentiality

Voľne prístupné údaje o životnom prostredí. Príklad: Údaje o emisiách do ovzdušia poskytované EPER - European pollutant emission register ( Európsky register škodlivých emisií). Konflikty so štatistickým utajovaním. Možné riešenia.

Salvato in:
Dettagli Bibliografici
Autore principale: Becker, Bernd
Natura: Capitolo di libro
Lingua:inglese
Soggetti:
Tags: Aggiungi Tag
Nessun Tag, puoi essere il primo ad aggiungerne!!

MARC

LEADER 00000naa$a2200000$$$4500
001 0032656
005 20231013081303.0
041 0 |a eng 
044 |a CZ 
245 1 0 |a Free access to environmental information and statistical confidentiality  |c Bernd Becker 
520 |a Voľne prístupné údaje o životnom prostredí. Príklad: Údaje o emisiách do ovzdušia poskytované EPER - European pollutant emission register ( Európsky register škodlivých emisií). Konflikty so štatistickým utajovaním. Možné riešenia. 
610 2 0 |a znečistenie prostredia životného 
610 2 0 |a emisie 
610 2 0 |a dáta 
610 2 0 |a konflikty 
610 2 0 |a údaje štatistické 
100 1 |a Becker, Bernd